| 000 | 00468nam a22001697a 4500 | ||
|---|---|---|---|
| 005 | 20180411110738.0 | ||
| 008 | 160611b xxu||||| |||| 00| 0 eng d | ||
| 020 | _a9788120311411 | ||
| 041 | _aeng | ||
| 082 |
_b6953 _a338.88 |
||
| 100 |
_aSundaram, A. K. AND Black, J. S _94254 |
||
| 245 | _aThe International Business Environment Text & Cases | ||
| 260 |
_aNew Delhi _bPrentice hall of India Pvt. Ltd. |
||
| 300 | _a339 | ||
| 650 |
_aManagement _9241 |
||
| 942 | _cBK | ||
| 999 |
_c2419 _d2418 |
||